[Event "CZE-chT2B 1920"]
[Site "Czech Republic"]
[Date "2019.12.01"]
[Round "4.8"]
[White "Malek, Martin"]
[Black "Svadlenka, Jaroslav"]
[Result "1-0"]
[WhiteElo "2060"]
[BlackElo "1870"]
[PlyCount "78"]
[EventDate "2019.10.13"]
[EventType "team-tourn"]
[EventRounds "11"]
[EventCountry "CZE"]
[SourceTitle "EXT 2024"]
[Source "ChessBase"]
[SourceDate "2023.10.10"]
[SourceVersion "1"]
[SourceVersionDate "2023.10.10"]
[SourceQuality "1"]
[WhiteTeam "Kobylisy"]
[BlackTeam "Kolesovice Cesky Lev"]
[WhiteTeamCountry "CZE"]
[BlackTeamCountry "CZE"]

1. e4 d5 2. exd5 Qxd5 3. Nc3 Qa5 4. d4 c6 5. Nf3 Nf6 6. Ne5 Bf5 7. g4 Be6 8. h3 Nbd7 9. Qe2 Nxe5 10. dxe5 Nd5 11. Bd2 Nxc3 12. Bxc3 Qd5 13. Rg1 0-0-0 14. Qe3 Kb8 15. Bd3 h5 16. b3 hxg4 17. hxg4 Qd7 18. 0-0-0 Qc7 19. Bd4 Qa5 20. Kb2 Bc8 21. Bc3 Qb6 22. Qf4 Be6 23. Qg3 g5 24. Bf5 Rxd1 25. Rxd1 c5 26. Bxe6 Qxe6 27. Rd8+ Kc7 28. Ra8 Bg7 29. Rxa7 Kb8 30. Ra5 Rc8 31. a4 b6 32. Rb5 Ka7 33. Qe3 Qxg4 34. a5 Qf4 35. axb6+ Kb7 36. Qd3 Kc6 37. Ra5 Bxe5 38. Qb5+ Kd5 39. Qd7+ Ke4 1-0

[Event "Czechia KP-chTA 0607"]
[Site "Czech Republic"]
[Date "2006.11.26"]
[Round "3.7"]
[White "Stolz, Lubor"]
[Black "Svadlenka, Jaroslav"]
[Result "0-1"]
[WhiteElo "1934"]
[BlackElo "2012"]
[PlyCount "98"]
[EventDate "2006.10.29"]
[EventType "team"]
[EventRounds "11"]
[EventCountry "CZE"]
[SourceTitle "EXT 2008"]
[Source "ChessBase"]
[SourceDate "2007.11.25"]
[SourceVersion "1"]
[SourceVersionDate "2007.11.25"]
[SourceQuality "1"]
[WhiteTeam "Zebrak"]
[BlackTeam "Kladno"]
[WhiteTeamCountry "CZE"]
[BlackTeamCountry "CZE"]

1. d4 Nf6 2. c4 e6 3. a3 b6 4. Nc3 Bb7 5. Bf4 Be7 6. Nb5 d6 7. e3 0-0 8. Nf3 Nbd7 9. Be2 Ne4 10. Qc2 f5 11. h4 a6 12. Nc3 Bf6 13. Rd1 Qe7 14. Nxe4 Bxe4 15. Bd3 e5 16. dxe5 dxe5 17. Bxe4 fxe4 18. Rxd7 Qxd7 19. Nxe5 Bxe5 20. Bxe5 Rad8 21. 0-0 Qc6 22. Bd4 Rfe8 23. Qb3 Kh8 24. Qc3 Rd7 25. f4 exf3 26. Rxf3 Qg6 27. b4 Rf7 28. Rxf7 Qxf7 29. c5 b5 30. Qb2 Re7 31. Qc2 Qe6 32. a4 Rf7 33. axb5 axb5 34. Qe2 c6 35. Kh2 Re7 36. Qf3 h6 37. Qf4 Kh7 38. Qg3 Qg6 39. Qd6 Re4 40. g3 Re8 41. Qd7 Ra8 42. Kh3 Rf8 43. e4 Rf7 44. Qe8 h5 45. Qe5 Qg4+ 46. Kg2 Ra7 47. Bf2 Ra3 48. Qd4 Qf3+ 49. Kg1 Rd3 0-1

[Event "Czechia KP-chTA 0607"]
[Site "Czech Republic"]
[Date "2006.11.12"]
[Round "2.5"]
[White "Svadlenka, Jaroslav"]
[Black "Ruzicka, Vaclav"]
[Result "1/2-1/2"]
[WhiteElo "2012"]
[BlackElo "1788"]
[PlyCount "55"]
[EventDate "2006.10.29"]
[EventType "team"]
[EventRounds "11"]
[EventCountry "CZE"]
[SourceTitle "EXT 2008"]
[Source "ChessBase"]
[SourceDate "2007.11.25"]
[SourceVersion "1"]
[SourceVersionDate "2007.11.25"]
[SourceQuality "1"]
[WhiteTeam "Kladno"]
[BlackTeam "Kladno II"]
[WhiteTeamCountry "CZE"]
[BlackTeamCountry "CZE"]

1. e4 d5 2. exd5 Nf6 3. d4 Nxd5 4. c4 Nf6 5. Nc3 e6 6. Nf3 Be7 7. Bd3 Nc6 8. Bb1 g6 9. 0-0 Bf8 10. Re1 Ne7 11. Ne5 Bg7 12. Ne4 0-0 13. Ng5 Qe8 14. Bc2 h6 15. Ngf3 c6 16. Be3 Kh7 17. Qd3 Bd7 18. Rad1 Rd8 19. Qe2 Bc8 20. g4 Nfg8 21. Qf1 f6 22. Nd3 e5 23. dxe5 Bxg4 24. Qg2 Bxf3 25. Qxf3 fxe5 26. Qg2 b6 27. Bc1 Qf7 28. b3 1/2-1/2